000 00593nac a22001811u 4500
020 _a03333518861
082 _a621
_bF8731
090 _c4047
_d4047
100 _aFrench, Michael.
245 _aForm, structure and mechanism /
_cMichael French
260 _aLondon:
_bMacmillan, 1992.
_c1992
300 _axi,226p.:
_bill.;
_c23cm.
504 _aBibliography:p.220-221
504 _aIncludes index
650 _aMechanical engineering
942 _cBB
_k621 F8731
999 _c4047
_d4047